00778nam a2200169 a 4500001001000000003000900010005001700019007000300036008004100039040002500080082001400105110006600119245006700185260010400252300002000356500023200376000032050DO-SdBNP20230220091027.0ta110712e1985 dr c gr 000 0 spa d aDO-SdBNPbspacBNPHU 4bG575c2221 aRepública Dominicana.bGobierno de Concentración Nacional10aPrimer centenario de la fundación de la provincia Espaillat. aSanto Domingo :bDirección General de Información, Publicidad y Prensa de la Presidencia,c1985 a18 p. ;c21 cm. aTexto de la Conferencia Dictada por el Presidente Salvador Jorge Blanco en los Salones del Ayuntamiento Municipal de Moca con motivo del Primer Centenario de la Fundación de la Provincia Espaillat el día 7 de julio de 1985.